<?xml version="1.0" encoding="UTF-8"?>
<collection xmlns="http://www.loc.gov/MARC21/slim">
 <record>
  <leader>01582nam a2200217Ia 4500</leader>
  <controlfield tag="001">TDMU_18063</controlfield>
  <controlfield tag="008">210410s9999    xx            000 0 und d</controlfield>
  <datafield tag="082" ind1=" " ind2=" ">
   <subfield code="a">392.089</subfield>
  </datafield>
  <datafield tag="090" ind1=" " ind2=" ">
   <subfield code="b">Đ455</subfield>
  </datafield>
  <datafield tag="100" ind1=" " ind2=" ">
   <subfield code="a">Đồng, Trọng Im</subfield>
  </datafield>
  <datafield tag="245" ind1=" " ind2="0">
   <subfield code="a">Phong tục và nghi lễ của người Thái trắng ở Phong Thổ tỉnh Lai Châu</subfield>
  </datafield>
  <datafield tag="245" ind1=" " ind2="0">
   <subfield code="c">Đồng Trọng Im</subfield>
  </datafield>
  <datafield tag="260" ind1=" " ind2=" ">
   <subfield code="a">H.</subfield>
  </datafield>
  <datafield tag="260" ind1=" " ind2=" ">
   <subfield code="b">Văn hóa - Thông tin</subfield>
  </datafield>
  <datafield tag="260" ind1=" " ind2=" ">
   <subfield code="c">2011</subfield>
  </datafield>
  <datafield tag="300" ind1=" " ind2=" ">
   <subfield code="a">223 tr.</subfield>
  </datafield>
  <datafield tag="520" ind1=" " ind2=" ">
   <subfield code="a">Gồm: Mối quan hệ gia đình và xã hội (Địa bàn cư trú của người Thái trắng ở huyện Phong Thổ - Lai Châu, các quan hệ gia đình và xã hội); phong tục liên quan đến vòng đời của người thái trắng Phong Thổ - Lai Châu (Cưới xin, sinh con và nhận nuôi con, tang ma); một số nghi lễ thờ cúng (lập đền - miếu để thờ cúng, cúng thần linh, cúng ma và gọi giỗ hồn người ốm); một số nghi lễ khác; Bìa sách ghi: Phong tục và nghi lễ của người Thái ở Phong Thổ - tỉnh Lai Châu</subfield>
  </datafield>
  <datafield tag="650" ind1=" " ind2=" ">
   <subfield code="a">Phong tục và nghi lễ</subfield>
   <subfield code="x">Dân tộc Thái trắng</subfield>
   <subfield code="z">Việt Nam; Dân tộc Thái trắng</subfield>
   <subfield code="x">Văn hóa</subfield>
   <subfield code="x">Phong tục và nghi lễ</subfield>
   <subfield code="z">Việt Nam</subfield>
  </datafield>
  <datafield tag="700" ind1=" " ind2=" ">
   <subfield code="a">Hội Văn nghệ dân gian Việt Nam</subfield>
  </datafield>
  <datafield tag="856" ind1=" " ind2=" ">
   <subfield code="u">http://lrc.tdmu.edu.vn/opac/search/detail.asp?aID=2&amp;ID=18063</subfield>
  </datafield>
  <datafield tag="980" ind1=" " ind2=" ">
   <subfield code="a">Trung tâm Học liệu Trường Đại học Thủ Dầu Một</subfield>
  </datafield>
 </record>
</collection>
